000 00660nam a2200241Ia 4500
003 OSt
005 20220918230238.0
006 a|||||r|||| 00| 0
007 ta
008 220917b |||||||| |||| 00| 0 eng d
024 _a250,836
037 _cTextual
040 _aARTS
_cARTS
_beng
041 _2eng
_aeng
082 _aY176-73:5z7, L2
100 _aJones Reginald L Ed.
_9152208
245 0 _aBlack psychology edited by Reginald L Jones
260 _aNew York
_bHarper & Row USA
_c1972
300 _a432p.
_ccm.
650 _aSOCIOLOGY
942 _hY176-73:5z7, L2
_cTEXL
_2CC
999 _c287508
_d287508